[Event "CAN-op"]
[Site "Vancouver CAN"]
[Date "1999.07.02"]
[Round "10"]
[White "Milicevic, Dragoljub"]
[Black "Poitras, Luc"]
[Result "1-0"]
[WhiteElo "2226"]
[BlackElo "2100"]
[PlyCount "61"]
[GameId "2160767911743176"]
[EventDate "1999.07.02"]
[EventType "swiss"]
[EventRounds "11"]
[EventCountry "CAN"]
[SourceTitle "EXT 2000"]
[Source "ChessBase"]
[SourceDate "1999.11.18"]
[SourceVersion "1"]
[SourceVersionDate "1999.11.18"]
[SourceQuality "1"]

1. Nf3 f5 2. b3 Nf6 3. Bb2 e6 4. g3 Be7 5. Bg2 O-O 6. O-O d5 7. d3 c5 8. Nbd2 Nc6 9. Re1 Qe8 10. e4 fxe4 11. dxe4 d4 12. e5 Nd5 13. Qe2 Rb8 14. a4 b6 15. Ne4 Qg6 16. Nd6 Bd7 17. Rac1 Ncb4 18. c4 dxc3 19. Bxc3 Nd3 20. Bd2 Nxc1 21. Rxc1 Bxd6 22. exd6 Rbd8 23. Ne5 Qf5 24. h4 Be8 25. Be4 Qh3 26. d7 Rxd7 27. Nxd7 Bxd7 28. Qd3 Bc6 29. Bxh7+ Kh8 30. Be4 Qg4 31. Bg2 1-0

[Event "CAN-op"]
[Site "Vancouver CAN"]
[Date "1999.07.02"]
[Round "10"]
[White "Orlov, Georgi"]
[Black "Ristovic, Nenad"]
[Result "1-0"]
[WhiteElo "2501"]
[BlackElo "2265"]
[PlyCount "105"]
[GameId "2160767911743177"]
[EventDate "1999.07.02"]
[EventType "swiss"]
[EventRounds "11"]
[EventCountry "CAN"]
[SourceTitle "EXT 2000"]
[Source "ChessBase"]
[SourceDate "1999.11.18"]
[SourceVersion "1"]
[SourceVersionDate "1999.11.18"]
[SourceQuality "1"]

1. d4 d5 2. c4 e6 3. Nc3 c6 4. Nf3 Nf6 5. e3 Nbd7 6. Bd3 dxc4 7. Bxc4 b5 8. Bd3 Bb7 9. O-O a6 10. e4 c5 11. d5 c4 12. Bc2 Qc7 13. dxe6 fxe6 14. Nd4 Nc5 15. Be3 Be7 16. Qf3 O-O 17. Qh3 e5 18. Nf5 g6 19. Nxe7+ Qxe7 20. Bh6 Rf7 21. Rae1 Ne6 22. Nd5 Bxd5 23. exd5 Nd4 24. Be4 Qd6 25. Qh4 Re8 26. Be3 Nxe4 27. Qxe4 Nf5 28. Bf4 Rd7 29. Rd1 Qe7 30. Bc1 Qc5 31. Rfe1 Red8 32. Bg5 Re8 33. h4 Nd6 34. Qg4 Nf5 35. Qe4 Nd6 36. Qf3 e4 37. Qg4 Rf7 38. Be3 Qc8 39. Qg5 Rf5 40. Qg3 Qd7 41. Bf4 Nb7 42. Rd4 Nc5 43. Bd6 Nd3 44. Rexe4 Rxe4 45. Rxe4 Rxd5 46. Ba3 b4 47. Bxb4 Nxb4 48. Qb8+ Kg7 49. Qxb4 Rd1+ 50. Kh2 Qd2 51. Qe7+ Kh6 52. Qf8+ Kh5 53. Re5+ 1-0

[Event "CAN-op"]
[Site "Vancouver CAN"]
[Date "1999.07.02"]
[Round "10"]
[White "Saidy, Anthony"]
[Black "Gardner, Robert"]
[Result "1/2-1/2"]
[WhiteElo "2375"]
[BlackElo "2247"]
[PlyCount "156"]
[GameId "2160767911743178"]
[EventDate "1999.07.02"]
[EventType "swiss"]
[EventRounds "11"]
[EventCountry "CAN"]
[SourceTitle "EXT 2000"]
[Source "ChessBase"]
[SourceDate "1999.11.18"]
[SourceVersion "1"]
[SourceVersionDate "1999.11.18"]
[SourceQuality "1"]

1. d4 Nf6 2. c4 c5 3. d5 b5 4. cxb5 a6 5. bxa6 g6 6. Nc3 Bxa6 7. Nf3 d6 8. g3 Bg7 9. Bh3 Nbd7 10. O-O Nb6 11. Re1 O-O 12. e4 Nfd7 13. Qc2 Nc4 14. Bxd7 Qxd7 15. Bf4 Qc7 16. b3 Na3 17. Qd2 Bc8 18. Rac1 Bg4 19. Nh4 Rfb8 20. f3 Bd7 21. Ng2 Qa5 22. e5 Nb5 23. Nxb5 Qxd2 24. Bxd2 Rxb5 25. exd6 exd6 26. Re7 Bf5 27. Bf4 Bf8 28. Re2 Rba5 29. g4 Bd7 30. Rcc2 Bb5 31. Red2 R5a6 32. Ne3 Bg7 33. a4 Bd7 34. Nc4 Bf8 35. Ra2 Rb8 36. Ra3 h6 37. h4 f6 38. Re2 g5 39. hxg5 hxg5 40. Bd2 Kf7 41. Kf2 Kg6 42. Ne3 Rab6 43. Be1 Rxb3 44. Rxb3 Rxb3 45. Ra2 Rb6 46. a5 Ra6 47. Rb2 Ra7 48. Rb6 f5 49. Nc4 fxg4 50. Ne5+ Kf5 51. Nxg4 Bg7 52. Rxd6 c4 53. Ne3+ Kf4 54. Nxc4 Bd4+ 55. Kg2 g4 56. Bg3+ Kf5 57. fxg4+ Kxg4 58. Bf2 Rc7 59. Bxd4 Rxc4 60. Rxd7 Rxd4 61. a6 Rd2+ 62. Kf1 Kf5 63. a7 Ra2 64. Ke1 Ke5 65. Kd1 Kd4 66. Kc1 Kc5 67. Kb1 Ra5 68. Kc2 Kb6 69. Kd3 Ra4 70. Kc3 Kc5 71. Kb3 Ra1 72. Kc3 Ra3+ 73. Kc2 Kb6 74. d6 Kc6 75. Kb2 Ra5 76. Rh7 Kxd6 77. Kb3 Kc6 78. Kb4 Ra1 1/2-1/2

[Event "CAN-op"]
[Site "Vancouver CAN"]
[Date "1999.07.10"]
[Round "10"]
[White "Brodie, Hugh"]
[Black "Purdy, Warren"]
[Result "1/2-1/2"]
[WhiteElo "1990"]
[BlackElo "1850"]
[PlyCount "46"]
[GameId "2160767911743179"]
[EventDate "1999.07.02"]
[EventType "swiss"]
[EventRounds "11"]
[EventCountry "CAN"]

1. e4 Nf6 2. Nc3 d5 3. e5 d4 4. exf6 dxc3 5. fxg7 cxd2+ 6. Bxd2 Bxg7 7. Qh5 Qd4 8. c3 Bg4 9. Qxf7+ Kxf7 10. cxd4 Bxd4 11. Bc4+ e6 12. Bc3 Bxc3+ 13. bxc3 Rd8 14. Ne2 Nc6 15. Nf4 Ne5 16. Be2 Bxe2 17. Kxe2 Rd6 18. Rhd1 Rad8 19. f3 Nc4 20. Nd3 b6 21. Rab1 c5 22. f4 Kf6 23. Rbc1 Kf5 1/2-1/2

[Event "CAN-op"]
[Site "Vancouver CAN"]
[Date "1999.07.10"]
[Round "10"]
[White "Fuentebella, Mayo"]
[Black "Levtchouk, George"]
[Result "0-1"]
[WhiteElo "2332"]
[BlackElo "2375"]
[PlyCount "120"]
[GameId "2160767911743180"]
[EventDate "1999.07.02"]
[EventType "swiss"]
[EventRounds "11"]
[EventCountry "CAN"]
[SourceTitle "hb 2011"]

1. c4 g6 2. Nc3 Bg7 3. d4 d6 4. e4 Nf6 5. f3 O-O 6. Be3 e5 7. Nge2 c6 8. Qd2 Nbd7 9. d5 cxd5 10. cxd5 a6 11. a4 Ne8 12. Nc1 f5 13. Bd3 Ndf6 14. N1e2 Kh8 15. a5 fxe4 16. Bxe4 Nxe4 17. Nxe4 Nf6 18. N2g3 Nxe4 19. Nxe4 Bf5 20. Nc3 Qh4+ 21. Bf2 Qc4 22. Ra4 Qb3 23. O-O Rac8 24. Rfa1 Bd7 25. Rh4 Rc4 26. Rxc4 Qxc4 27. Ne4 Qc7 28. Rc1 Qb8 29. Qb4 Rc8 30. Rxc8+ Qxc8 31. g4 Qc1+ 32. Kg2 Bb5 33. Be1 Bf8 34. b3 Qd1 35. Qc3 Qxd5 36. Qc8 Qf7 37. Nxd6 Qe7 38. Bc3 Bc6 39. Bxe5+ Kg8 40. Nc4 Qf7 41. Nd2 Qe7 42. Qb8 Qg5 43. Bf4 Qxg4+ 44. Kf2 Qh4+ 45. Ke3 Kf7 46. Qc7+ Qe7+ 47. Ne4 Qxc7 48. Bxc7 Ke6 49. Ng5+ Kf5 50. Ne4 Bh6+ 51. Kd4 Bg7+ 52. Ke3 g5 53. Bd8 h6 54. h4 gxh4 55. Bxh4 Bxe4 56. fxe4+ Kg4 57. Bd8 Be5 58. Kd3 h5 59. Kc4 h4 60. Bxh4 Kxh4 0-1

[Event "CAN-op"]
[Site "Vancouver CAN"]
[Date "1999.07.10"]
[Round "10"]
[White "Hoshizaki, Dale"]
[Black "Ivankovic, Goran"]
[Result "1/2-1/2"]
[WhiteElo "2076"]
[BlackElo "1844"]
[PlyCount "32"]
[GameId "2160767911743181"]
[EventDate "1999.07.02"]
[EventType "swiss"]
[EventRounds "11"]
[EventCountry "CAN"]

1. d4 d5 2. c4 c6 3. cxd5 cxd5 4. Nc3 Nc6 5. Nf3 Nf6 6. Bf4 e6 7. e3 Bd6 8. Bg3 Bxg3 9. hxg3 Qb6 10. Bb5 Bd7 11. O-O a6 12. Bxc6 Bxc6 13. Qb3 Qxb3 14. axb3 Ke7 15. Rfc1 Rac8 16. Ne5 Nd7 1/2-1/2

[Event "CAN-op"]
[Site "Vancouver CAN"]
[Date "1999.07.10"]
[Round "10"]
[White "Jose, Marionito"]
[Black "Monahan, Darby"]
[Result "1-0"]
[WhiteElo "1892"]
[BlackElo "1709"]
[PlyCount "41"]
[GameId "2160767911743182"]
[EventDate "1999.07.02"]
[EventType "swiss"]
[EventRounds "11"]
[EventCountry "CAN"]

1. e4 c5 2. Nf3 d6 3. d4 cxd4 4. Nxd4 Nf6 5. Nc3 a6 6. Be2 Nc6 7. Be3 Bd7 8. g4 Qa5 9. Nb3 Qd8 10. g5 Ng8 11. Nd5 e6 12. Bb6 Qc8 13. Nc7+ Ke7 14. Nxa8 Qxa8 15. Qd2 f6 16. f4 f5 17. exf5 exf5 18. O-O-O Kf7 19. Bc4+ Kg6 20. Qd5 h6 21. Qf7+ 1-0

[Event "CAN-op"]
[Site "Vancouver CAN"]
[Date "1999.07.10"]
[Round "10"]
[White "Kleist, Frederick"]
[Black "Lapides, Andrew"]
[Result "1-0"]
[WhiteElo "2061"]
[BlackElo "2278"]
[PlyCount "89"]
[GameId "2160767911743183"]
[EventDate "1999.07.02"]
[EventType "swiss"]
[EventRounds "11"]
[EventCountry "CAN"]

1. d4 e6 2. c4 f5 3. g3 Nf6 4. Bg2 d5 5. Nf3 c6 6. O-O Bd6 7. Bf4 Bxf4 8. gxf4 O-O 9. Nc3 Nbd7 10. Qc2 Ne4 11. e3 Ndf6 12. Ne5 Bd7 13. f3 Nd6 14. c5 Nf7 15. b4 Nh5 16. Qf2 g5 17. Nxd7 Qxd7 18. fxg5 f4 19. Qh4 Ng7 20. Qxf4 Qe7 21. Qf6 Qxf6 22. gxf6 Nh5 23. f4 Nh6 24. b5 Nxf6 25. Rab1 Nf5 26. Bh3 Rae8 27. Kf2 Re7 28. Rg1+ Kf7 29. Ke2 Ke8 30. bxc6 bxc6 31. Kd3 Kf7 32. Rb2 Rd8 33. a4 Nh4 34. Rgb1 Rdd7 35. a5 Ne8 36. Rb8 Nf5 37. Ke2 Nfg7 38. Nd1 Nf5 39. Nf2 Nh4 40. Nd3 Kf6 41. Ne5 Rc7 42. Bg4 Ng6 43. Bh5 Kf5 44. Rg1 Nf6 45. Rg5+ 1-0

[Event "CAN-op"]
[Site "Vancouver CAN"]
[Date "1999.07.10"]
[Round "10"]
[White "Martinovsky, Ian"]
[Black "Villanueva, Rod"]
[Result "1-0"]
[WhiteElo "2226"]
[BlackElo "2130"]
[PlyCount "115"]
[GameId "2160767911743184"]
[EventDate "1999.07.02"]
[EventType "swiss"]
[EventRounds "11"]
[EventCountry "CAN"]

1. Nf3 d5 2. g3 Nc6 3. d4 e6 4. Bg2 f5 5. O-O g6 6. Bg5 Be7 7. Bxe7 Qxe7 8. c4 Nf6 9. Nc3 Nd8 10. Ne5 c6 11. Qa4 O-O 12. c5 Nf7 13. Nxf7 Rxf7 14. f4 h6 15. b4 Bd7 16. Rab1 g5 17. e3 Rg7 18. Qa5 Be8 19. a4 Ng4 20. Nd1 h5 21. Rb3 h4 22. Bf3 hxg3 23. hxg3 gxf4 24. exf4 Qf6 25. Rd3 Qh6 26. Bxg4 Rh7 27. Kf2 fxg4 28. Ke1 Bg6 29. Re3 Bf5 30. b5 Qg7 31. Qd2 Qh8 32. Re2 a6 33. b6 Rh3 34. Rg1 Qg7 35. Nf2 Rh2 36. Qe3 Rf8 37. Rh1 Rxh1+ 38. Nxh1 Qh8 39. Nf2 Qh2 40. Kd2 Qg1 41. Nxg4 Qb1 42. Nh6+ Kh7 43. Nxf5 Qb2+ 44. Ke1 Qa1+ 45. Kf2 exf5 46. Qe7+ Kg8 47. Qg5+ Kh8 48. Qh6+ Kg8 49. Qg6+ Kh8 50. Re1 Qxd4+ 51. Kg2 Qe4+ 52. Rxe4 dxe4 53. Kf2 a5 54. Ke3 Rf7 55. Qh6+ Kg8 56. Qg5+ Kh7 57. Qd8 Rg7 58. Qc7 1-0

[Event "CAN-op"]
[Site "Vancouver CAN"]
[Date "1999.07.10"]
[Round "10"]
[White "Seid, Hee"]
[Black "Berrocoso, Tony"]
[Result "1-0"]
[WhiteElo "2217"]
[BlackElo "2094"]
[PlyCount "67"]
[GameId "2160767911743185"]
[EventDate "1999.07.02"]
[EventType "swiss"]
[EventRounds "11"]
[EventCountry "CAN"]

1. d4 Nf6 2. Nf3 d5 3. e3 c6 4. Bd3 Bg4 5. h3 Bh5 6. c4 e6 7. O-O Nbd7 8. Nbd2 Bg6 9. Bxg6 hxg6 10. Qc2 Bd6 11. e4 dxe4 12. Nxe4 Nxe4 13. Qxe4 Nf6 14. Qe2 O-O 15. Bg5 Be7 16. Rfe1 Re8 17. a3 Nh5 18. Bxe7 Qxe7 19. Rad1 Rad8 20. Qe3 Nf6 21. Ne5 a6 22. b4 Nd7 23. Nf3 Nf6 24. Rd2 Rd6 25. Qf4 Red8 26. Qh4 Re8 27. Ng5 Qd8 28. Re3 e5 29. dxe5 Rxd2 30. exf6 Rd1+ 31. Kh2 Qc7+ 32. g3 Rxe3 33. Qh7+ Kf8 34. Qh8# 1-0

[Event "CAN-op"]
[Site "Vancouver CAN"]
[Date "1999.07.10"]
[Round "10"]
[White "Strojevs, Alexander"]
[Black "Nishida, Harold"]
[Result "0-1"]
[WhiteElo "1884"]
[BlackElo "2063"]
[PlyCount "59"]
[GameId "2160767911743186"]
[EventDate "1999.07.02"]
[EventType "swiss"]
[EventRounds "11"]
[EventCountry "CAN"]
[SourceTitle "EXT 2022"]
[Source "ChessBase"]
[SourceDate "2021.10.06"]
[SourceVersion "1"]
[SourceVersionDate "2021.10.06"]
[SourceQuality "1"]

1. d4 Nf6 2. c4 e6 3. Nc3 Bb4 4. e3 O-O 5. Nf3 d5 6. Bd3 c5 7. O-O cxd4 8. exd4 b6 9. a3 Bxc3 10. bxc3 Bb7 11. Bg5 Nbd7 12. Rc1 Qc7 13. cxd5 Bxd5 14. Bh4 Bc4 15. Bg3 Qc6 16. Re1 Rfd8 17. Ne5 Nxe5 18. Bxe5 Nd7 19. Bxh7+ Kxh7 20. Qh5+ Kg8 21. Re3 Nxe5 22. Rxe5 Rd5 23. Rce1 Rxe5 24. Rxe5 f6 25. Re3 Qd5 26. Qg6 Qf5 27. Qxf5 exf5 28. Rf3 Re8 29. h4 Re4 30. g3 0-1

[Event "CAN-op"]
[Site "Vancouver CAN"]
[Date "1999.07.10"]
[Round "10"]
[White "Wright, Stephen"]
[Black "Wong, Samuel"]
[Result "0-1"]
[WhiteElo "2220"]
[BlackElo "2070"]
[PlyCount "74"]
[GameId "2160767911743187"]
[EventDate "1999.07.02"]
[EventType "swiss"]
[EventRounds "11"]
[EventCountry "CAN"]

1. d4 d5 2. c4 e6 3. Nc3 Nf6 4. cxd5 exd5 5. Bg5 Be7 6. Qc2 c6 7. e3 O-O 8. Bd3 h6 9. Bh4 Re8 10. Nge2 Nbd7 11. O-O Ne4 12. Bxe7 Qxe7 13. Rae1 Ndf6 14. f3 Nxc3 15. Nxc3 Qd6 16. Qf2 Be6 17. a3 Rad8 18. b4 a5 19. Qb2 axb4 20. axb4 b5 21. Ra1 Bd7 22. Rfe1 Ra8 23. Rxa8 Rxa8 24. Ne2 Qe7 25. Nc3 Qd6 26. Rc1 Re8 27. Nd1 Ra8 28. Qc3 Ra4 29. Rb1 Ra2 30. Bc2 Qe7 31. Nf2 Ra6 32. Re1 Be6 33. e4 dxe4 34. fxe4 Ng4 35. d5 Qh4 36. Nxg4 Bxg4 37. dxc6 Rxc6 0-1

[Event "CAN-op"]
[Site "Vancouver CAN"]
[Date "1999.07.02"]
[Round "11"]
[White "Franett, Michael"]
[Black "Pechisker, Alfred"]
[Result "1/2-1/2"]
[WhiteElo "2133"]
[BlackElo "2052"]
[PlyCount "39"]
[GameId "2160767911743189"]
[EventDate "1999.07.02"]
[EventType "swiss"]
[EventRounds "11"]
[EventCountry "CAN"]
[SourceTitle "EXT 2000"]
[Source "ChessBase"]
[SourceDate "1999.11.18"]
[SourceVersion "1"]
[SourceVersionDate "1999.11.18"]
[SourceQuality "1"]

1. d4 Nf6 2. c4 g6 3. Nc3 Bg7 4. e4 d6 5. f4 O-O 6. Nf3 c5 7. d5 Na6 8. Bd3 Nc7 9. O-O a6 10. Qe2 e6 11. e5 Nfe8 12. dxe6 fxe6 13. Be3 b6 14. exd6 Nxd6 15. Rad1 Qe7 16. Bf2 Nf5 17. Be4 Rb8 18. Ne5 Bxe5 19. fxe5 Bd7 20. Bf3 1/2-1/2

[Event "CAN-op"]
[Site "Vancouver CAN"]
[Date "1999.07.02"]
[Round "11"]
[White "Levtchouk, George"]
[Black "Cummings, David"]
[Result "0-1"]
[WhiteElo "2329"]
[BlackElo "2357"]
[PlyCount "68"]
[GameId "2160767911743192"]
[EventDate "1999.07.02"]
[EventType "swiss"]
[EventRounds "11"]
[EventCountry "CAN"]
[SourceTitle "EXT 2000"]
[Source "ChessBase"]
[SourceDate "1999.11.18"]
[SourceVersion "1"]
[SourceVersionDate "1999.11.18"]
[SourceQuality "1"]

1. d4 Nf6 2. c4 e6 3. Nc3 Bb4 4. f3 c5 5. d5 Nh5 6. g3 f5 7. Nh3 Nf6 8. Nf2 O-O 9. Qc2 d6 10. Bd2 exd5 11. cxd5 Bxc3 12. Bxc3 b5 13. e4 fxe4 14. fxe4 b4 15. Bd2 Ng4 16. Nxg4 Bxg4 17. Be2 Bxe2 18. Kxe2 Qc8 19. Raf1 Qg4+ 20. Ke1 Nd7 21. Rxf8+ Rxf8 22. Bf4 Re8 23. Kf2 Nf6 24. Re1 g5 25. Bc1 Rxe4 26. Rxe4 Nxe4+ 27. Kg2 Qf5 28. Bxg5 Qxd5 29. Bf4 Ng5+ 30. Kf2 Qf3+ 31. Ke1 Qh1+ 32. Kd2 Qxh2+ 33. Kd3 Qxc2+ 34. Kxc2 Ne4 0-1

[Event "CAN-op"]
[Site "Vancouver CAN"]
[Date "1999.07.02"]
[Round "11"]
[White "Ristovic, Nenad"]
[Black "Milat, Marcel"]
[Result "1-0"]
[WhiteElo "2265"]
[BlackElo "2279"]
[PlyCount "43"]
[GameId "2160767911743193"]
[EventDate "1999.07.02"]
[EventType "swiss"]
[EventRounds "11"]
[EventCountry "CAN"]
[SourceTitle "EXT 2000"]
[Source "ChessBase"]
[SourceDate "1999.11.18"]
[SourceVersion "1"]
[SourceVersionDate "1999.11.18"]
[SourceQuality "1"]

1. d4 Nf6 2. c4 c5 3. d5 b5 4. cxb5 a6 5. f3 e6 6. e4 exd5 7. exd5 Bd6 8. Na3 O-O 9. Bc4 Nh5 10. g3 Re8+ 11. Kf2 Be5 12. Kg2 Qf6 13. Rb1 axb5 14. Nxb5 Ba6 15. a4 Nc6 16. dxc6 dxc6 17. Na3 Nxg3 18. hxg3 Qg6 19. Bd2 Qxg3+ 20. Kf1 Bxc4+ 21. Nxc4 Rad8 22. Qe1 1-0

[Event "CAN-op"]
[Site "Vancouver CAN"]
[Date "1999.07.02"]
[Round "11"]
[White "Spraggett, Kevin"]
[Black "O'Donnell, Tom"]
[Result "1-0"]
[WhiteElo "2521"]
[BlackElo "2355"]
[PlyCount "65"]
[GameId "2160767911743194"]
[EventDate "1999.07.02"]
[EventType "swiss"]
[EventRounds "11"]
[EventCountry "CAN"]
[SourceTitle "EXT 2000"]
[Source "ChessBase"]
[SourceDate "1999.11.18"]
[SourceVersion "1"]
[SourceVersionDate "1999.11.18"]
[SourceQuality "1"]

1. e4 c5 2. Nf3 d6 3. c3 Nf6 4. h3 e6 5. Bd3 Nc6 6. Bc2 d5 7. e5 Nd7 8. d4 Be7 9. a3 c4 10. Nbd2 O-O 11. Nf1 f6 12. exf6 Bxf6 13. Ne3 b5 14. h4 Re8 15. Ng5 Nf8 16. f4 Bd7 17. Ng4 a5 18. Ne5 Nxe5 19. fxe5 Bxg5 20. Bxg5 Qc7 21. Qh5 Bc6 22. O-O-O b4 23. Rdf1 g6 24. Qf3 bxc3 25. bxc3 Re7 26. Bxe7 Qxe7 27. Qf6 Qxa3+ 28. Kd2 Ra7 29. Ra1 Qe7 30. Qxe7 Rxe7 31. Rxa5 Rf7 32. Ke3 Kg7 33. Rb1 1-0

[Event "CAN-op"]
[Site "Vancouver CAN"]
[Date "1999.07.11"]
[Round "11"]
[White "Bouvier, Jesse"]
[Black "Jose, Marionito"]
[Result "0-1"]
[WhiteElo "2072"]
[BlackElo "1892"]
[PlyCount "70"]
[GameId "2160767911743196"]
[EventDate "1999.07.02"]
[EventType "swiss"]
[EventRounds "11"]
[EventCountry "CAN"]

1. e4 Nf6 2. e5 Ng8 3. d4 d6 4. exd6 exd6 5. c4 Nf6 6. Nc3 Be7 7. Nf3 Bg4 8. Be2 O-O 9. O-O c6 10. d5 c5 11. Re1 Re8 12. Nd2 Bf5 13. Bf3 Nbd7 14. g3 a6 15. Bg2 Rb8 16. a4 Qc7 17. f4 Bf8 18. Nf3 h6 19. Bd2 Nb6 20. b3 Qd7 21. Nh4 Bh7 22. Ra2 Na8 23. Bc1 Nc7 24. Rxe8 Qxe8 25. Re2 Qd7 26. Qf1 Bd3 27. Bh3 Bxe2 28. Nxe2 Qe8 29. Nf5 b5 30. Bb2 bxa4 31. Nxh6+ gxh6 32. Bxf6 Qe3+ 33. Kh1 axb3 34. Bf5 b2 35. Qb1 Bg7 0-1

[Event "CAN-op"]
[Site "Vancouver CAN"]
[Date "1999.07.11"]
[Round "11"]
[White "Fullbrook, Nigel"]
[Black "Martinovsky, Ian"]
[Result "1-0"]
[WhiteElo "2351"]
[BlackElo "2226"]
[PlyCount "87"]
[GameId "2160767911743197"]
[EventDate "1999.07.02"]
[EventType "swiss"]
[EventRounds "11"]
[EventCountry "CAN"]

1. e4 g6 2. d4 Bg7 3. Nc3 c6 4. Bc4 d6 5. Nge2 b5 6. Bb3 a5 7. a3 Ba6 8. Bg5 Nd7 9. O-O Ngf6 10. Ng3 h6 11. Be3 e6 12. Re1 O-O 13. f4 d5 14. f5 b4 15. Na4 exf5 16. exf5 bxa3 17. bxa3 Re8 18. fxg6 fxg6 19. c3 Ne4 20. Qg4 Nxg3 21. Qxg3 Qb8 22. Qxg6 Nf8 23. Qc2 Ra7 24. Nc5 Bc8 25. Ba4 Qd6 26. Bf2 Rae7 27. Rxe7 Rxe7 28. Bg3 Qf6 29. Rf1 Qg5 30. Bxc6 Bg4 31. Qf2 Ng6 32. h4 Qh5 33. Be8 Be2 34. Bf7+ Kh8 35. Re1 Qg4 36. Bxg6 Qxg6 37. Be5 Rxe5 38. dxe5 Bg4 39. e6 Bxc3 40. e7 Bxe1 41. Qf8+ Kh7 42. e8=Q Bf2+ 43. Kxf2 Qc2+ 44. Kg3 1-0

[Event "CAN-op"]
[Site "Vancouver CAN"]
[Date "1999.07.11"]
[Round "11"]
[White "Gardner, Robert"]
[Black "Skulsky, Ian"]
[Result "1-0"]
[WhiteElo "2338"]
[BlackElo "2187"]
[PlyCount "129"]
[GameId "2160767911743198"]
[EventDate "1999.07.02"]
[EventType "swiss"]
[EventRounds "11"]
[EventCountry "CAN"]

1. e4 e6 2. d4 a6 3. Bd3 b5 4. Ne2 Bb7 5. O-O c5 6. c3 Nf6 7. Nd2 Nc6 8. e5 Nd5 9. Ne4 Be7 10. Kh1 h6 11. f4 cxd4 12. cxd4 Qb6 13. Bb1 O-O-O 14. N4c3 Nxc3 15. bxc3 Na5 16. Ng3 f6 17. Be4 fxe5 18. Bxb7+ Qxb7 19. dxe5 Nc4 20. a4 d6 21. exd6 Rxd6 22. Qe2 Rhd8 23. axb5 axb5 24. Be3 Bf6 25. Bc5 Ra6 26. Ne4 Rxa1 27. Rxa1 Qd5 28. Nxf6 gxf6 29. Bd4 e5 30. fxe5 fxe5 31. Bg1 Rd7 32. Qh5 e4 33. Qxh6 Nd6 34. Bb6 Kb7 35. Bd4 Kc8 36. Qh8+ Rd8 37. Qh3+ Kb8 38. Qh7 Nc8 39. Qg7 Rd7 40. Qg3+ Kb7 41. Qe5 Nb6 42. Qxd5+ Rxd5 43. Re1 b4 44. Bxb6 Kxb6 45. cxb4 Kb5 46. g4 Re5 47. Kg2 Kxb4 48. Kg3 Re8 49. Kf4 Rf8+ 50. Ke5 Re8+ 51. Kd4 Rd8+ 52. Ke3 Rg8 53. h3 Kc5 54. Rd1 Rh8 55. Kxe4 Rxh3 56. g5 Rg3 57. Kf5 Rf3+ 58. Ke6 Rg3 59. Kf6 Rf3+ 60. Kg7 Rg3 61. g6 Rg2 62. Kf7 Rf2+ 63. Kg8 Rg2 64. g7 Rg3 65. Rh1 1-0

[Event "CAN-op"]
[Site "Vancouver CAN"]
[Date "1999.07.11"]
[Round "11"]
[White "Gufeld, Eduard"]
[Black "McLean, Brent"]
[Result "1-0"]
[WhiteElo "2463"]
[BlackElo "2104"]
[PlyCount "87"]
[GameId "2160767911743199"]
[EventDate "1999.07.02"]
[EventType "swiss"]
[EventRounds "11"]
[EventCountry "CAN"]

1. e4 c6 2. d3 d5 3. Nd2 e5 4. Ngf3 Bd6 5. g3 Bg4 6. Bg2 Nf6 7. h3 Bh5 8. O-O Nbd7 9. b3 Qc7 10. Bb2 O-O-O 11. a3 Kb8 12. b4 Rhe8 13. c4 d4 14. c5 Bf8 15. Nc4 Ng8 16. Qc2 f6 17. Nfd2 g5 18. a4 Bf7 19. Ba3 Rc8 20. Rfc1 b6 21. Nb3 Bxc4 22. Qxc4 Nh6 23. Bf3 g4 24. hxg4 Be7 25. Kg2 Ng8 26. Rab1 Ka8 27. Qf7 bxc5 28. Nxc5 Nxc5 29. bxc5 Bd6 30. Qc4 Be7 31. Rb3 Rb8 32. Rcb1 Rxb3 33. Rxb3 Rb8 34. Bd1 Rxb3 35. Bxb3 Nh6 36. Bc1 Bf8 37. Qe6 Bg7 38. Bc4 Kb7 39. g5 Nf7 40. Qxf7 Qxf7 41. Bxf7 fxg5 42. Bxg5 Bf8 43. Bf6 Bxc5 44. Bxe5 1-0

[Event "CAN-op"]
[Site "Vancouver CAN"]
[Date "1999.07.11"]
[Round "11"]
[White "Hagan, Jeff"]
[Black "Juverdeanu, Valeriu"]
[Result "0-1"]
[WhiteElo "1517"]
[BlackElo "1705"]
[PlyCount "56"]
[GameId "2160767911743200"]
[EventDate "1999.07.02"]
[EventType "swiss"]
[EventRounds "11"]
[EventCountry "CAN"]

1. d4 d5 2. Nf3 Nc6 3. c4 e6 4. Bg5 Nf6 5. cxd5 exd5 6. Nc3 Be7 7. Bxf6 Bxf6 8. e3 Bg4 9. h3 Bf5 10. Bd3 Bxd3 11. Qxd3 O-O 12. Qb5 Ne7 13. g4 g6 14. h4 b6 15. g5 c6 16. Qd3 Bh8 17. h5 Rc8 18. b4 Qd6 19. Rb1 c5 20. Nb5 Qd7 21. dxc5 bxc5 22. bxc5 Rxc5 23. Nbd4 Rfc8 24. Kd2 Rc3 25. Qe2 Qa4 26. Rb2 Qa5 27. Qb5 Rc2+ 28. Kd3 R8c3# 0-1

[Event "CAN-op"]
[Site "Vancouver CAN"]
[Date "1999.07.11"]
[Round "11"]
[White "Haley, Phil"]
[Black "Brodie, Hugh"]
[Result "0-1"]
[WhiteElo "1856"]
[BlackElo "1990"]
[PlyCount "142"]
[GameId "2160767911743201"]
[EventDate "1999.07.02"]
[EventType "swiss"]
[EventRounds "11"]
[EventCountry "CAN"]

1. d4 e6 2. Bf4 f5 3. Nf3 Nf6 4. h3 b6 5. e3 Bb7 6. Nbd2 Be7 7. c3 O-O 8. Bd3 Ne4 9. O-O Bf6 10. Qc2 Ng5 11. Ne1 d6 12. Bh2 g6 13. Rd1 Nd7 14. e4 Qe7 15. f4 Nf7 16. e5 Bg7 17. Nef3 dxe5 18. Nxe5 Nfxe5 19. fxe5 c5 20. Nf3 cxd4 21. cxd4 Rac8 22. Qd2 Bd5 23. Ba6 Rc7 24. Rc1 Nb8 25. Rxc7 Qxc7 26. Rc1 Qd7 27. Bc4 Nc6 28. Bxd5 Qxd5 29. a3 Rd8 30. Rd1 Rc8 31. b4 Bf8 32. Qg5 Be7 33. Qg3 Nd8 34. h4 Rc3 35. h5 g5 36. Qe1 Rc2 37. Rd2 Qa2 38. Qd1 Rxd2 39. Qxd2 Qxd2 40. Nxd2 Kg7 41. Bg3 Kh6 42. Nb1 Kxh5 43. Nc3 Kg4 44. Bf2 f4 45. Nb5 Nc6 46. Nc7 Kf5 47. b5 Na5 48. a4 Nc4 49. Be1 Ba3 50. Na6 Bb2 51. Bf2 g4 52. Kh1 Ne3 53. Nb4 Bxd4 54. Nc6 Bxe5 55. Nxa7 Ke4 56. Be1 f3 57. gxf3+ gxf3 58. Nc6 Bc7 59. Kg1 Nc4 60. Bf2 Kd5 61. Nd4 Nb2 62. Nxf3 Nxa4 63. Be1 Bf4 64. Bf2 e5 65. Ne1 Kc4 66. Kf1 Kxb5 67. Ke2 Kc4 68. Kd1 Kc3 69. Ke2 b5 70. Nd3 Kc4 71. Be1 Nc3+ 0-1

[Event "CAN-op"]
[Site "Vancouver CAN"]
[Date "1999.07.11"]
[Round "11"]
[White "Harutyunyan, Ararat"]
[Black "Golts, Roman"]
[Result "0-1"]
[WhiteElo "1937"]
[BlackElo "2287"]
[PlyCount "62"]
[GameId "2160767911743202"]
[EventDate "1999.07.02"]
[EventType "swiss"]
[EventRounds "11"]
[EventCountry "CAN"]

1. e4 e6 2. d4 d5 3. Nc3 Nf6 4. Bg5 Be7 5. exd5 exd5 6. Nf3 O-O 7. Be2 c6 8. O-O Bf5 9. Re1 Nbd7 10. h3 Re8 11. Bd3 Bxd3 12. Qxd3 Qc7 13. Ne5 Bd6 14. Nxd7 Nxd7 15. Re3 h6 16. Bh4 Bf4 17. Rf3 Nf8 18. Ne2 Bh2+ 19. Kh1 Ng6 20. Bg3 Bxg3 21. Nxg3 Re6 22. Nf5 Rae8 23. Rg3 Re1+ 24. Rxe1 Rxe1+ 25. Kh2 Qf4 26. Ne3 Qxf2 27. Rf3 Qg1+ 28. Kg3 Ne7 29. Nf5 Re6 30. Nxe7+ Rxe7 31. Qa3 Re2 0-1